000 00332nam a2200133Ia 4500
008 230519s9999 xx 000 0 und d
041 _aeng
082 _aPY/150/SRE/DB0220
100 _aSreevani R
245 _aPsychology for Nurses
260 _bJaypee Brothers
_aNew Delhi
_c2013
300 _a323p
999 _c159042
_d159042